[Event "Madrid ch 2001-2002 Final"]
[Site "Madrid ESP"]
[Date "2002.04.15"]
[Round "1.1"]
[White "Ballesteros Gonzalez, David"]
[Black "Rodriguez Cordon, Luis Jose"]
[Result "1-0"]
[WhiteElo "2277"]
[BlackElo "2165"]
[PlyCount "121"]
[EventDate "2002.04.15"]
[EventType "tourn"]
[EventRounds "11"]
[EventCountry "ESP"]
[Source "lmi"]
[SourceDate "2002.04.15"]

1. d4 Nf6 2. c4 c5 3. d5 e5 4. Nc3 d6 5. e4 g6 6. f4 exf4 7. Bxf4 Nh5 8. Be3
Bg7 9. Nf3 O-O 10. Be2 Nd7 11. O-O Ne5 12. Nxe5 Bxe5 13. Qe1 Ng7 14. Qd2 Qe7
15. Rae1 Bd7 16. a3 Rae8 17. Bg5 f6 18. Bf4 Bxf4 19. Qxf4 Qe5 20. Qxe5 fxe5 21.
b4 Rc8 22. Rb1 cxb4 23. axb4 Rxf1+ 24. Rxf1 b6 25. h3 Ne8 26. g4 g5 27. b5 Kg7
28. Kg2 Nf6 29. Kf2 h5 30. Kg3 h4+ 31. Kf2 Rc7 32. Ke3 Nh7 33. Na2 Nf8 34. Nb4
Ng6 35. Rd1 Nf4 36. Bf1 Kf6 37. Nc6 Bxc6 38. bxc6 Ke7 39. c5 bxc5 40. Rb1 Kd8
41. Ba6 Nxh3 42. Rb8+ Ke7 43. Rg8 Nf4 44. Kf3 Nh3 45. Rg7+ Kd8 46. Rg6 Rf7+ 47.
Ke3 Kc7 48. Rg8 Rh7 49. Rc8+ Kb6 50. Bf1 Nf4 51. Rb8+ Ka5 52. Rb5+ Ka4 53. Rb7
Rh8 54. c7 Rc8 55. Rxa7+ Kb3 56. Ba6 h3 57. Bxc8 Kb2 58. Bd7 h2 59. c8=Q h1=Q
60. Qb7+ Kc3 61. Ra3+ 1-0

[Event "Madrid ch 2001-2002 Final"]
[Site "Madrid ESP"]
[Date "2002.04.15"]
[Round "1.2"]
[White "Barez Menendez, Hector"]
[Black "Roa Alonso, Santiago"]
[Result "0-1"]
[WhiteElo "2198"]
[BlackElo "2415"]
[PlyCount "58"]
[EventDate "2002.04.15"]
[EventType "tourn"]
[EventRounds "11"]
[EventCountry "ESP"]
[Source "lmi"]
[SourceDate "2002.04.15"]

1. Nf3 c5 2. c4 e6 3. Nc3 Nc6 4. g3 Nf6 5. Bg2 d5 6. cxd5 exd5 7. d4 cxd4 8.
Nxd4 Be7 9. O-O O-O 10. Bg5 h6 11. Bxf6 Bxf6 12. e3 Nxd4 13. exd4 Be6 14. Qa4
Qd6 15. Rfd1 Rfc8 16. Qb3 Rc4 17. Rac1 Rac8 18. Bf1 Rb4 19. Qa3 Qb6 20. Nxd5
Rxc1 21. Nxf6+ gxf6 22. Rxc1 Rxb2 23. Qe3 Rxa2 24. Bd3 Qb2 25. Rc2 Ra1+ 26. Kg2
Qb3 27. Rc3 Qd1 28. f4 Bd5+ 29. Be4 Bxe4+ 0-1

[Event "Madrid ch 2001-2002 Final"]
[Site "Madrid ESP"]
[Date "2002.04.15"]
[Round "1.3"]
[White "Cortes Jurado, Rafael"]
[Black "Lopez Melgar, Enrique"]
[Result "0-1"]
[WhiteElo "2142"]
[BlackElo "2193"]
[PlyCount "66"]
[EventDate "2002.04.15"]
[EventType "tourn"]
[EventRounds "11"]
[EventCountry "ESP"]
[Source "lmi"]
[SourceDate "2002.04.15"]

1. e4 c5 2. Nf3 Nc6 3. d4 cxd4 4. Nxd4 Nf6 5. Nc3 e5 6. Ndb5 d6 7. Bg5 a6 8.
Na3 b5 9. Bxf6 gxf6 10. Nd5 f5 11. c3 Bg7 12. exf5 Bxf5 13. Nc2 O-O 14. Nce3
Be6 15. Bd3 f5 16. Qh5 e4 17. Bc2 Ne5 18. Nf4 Qc8 19. Ned5 Bxd5 20. Nxd5 Ra7
21. Rd1 Kh8 22. O-O Nc4 23. b3 Na3 24. Ne3 Be5 25. Rd5 Nxc2 26. Nxc2 Qxc3 27.
Ne3 Raf7 28. Rfd1 Rf6 29. Qe2 Rh6 30. g3 Qc8 31. Qd2 f4 32. Rc1 Qh3 33. Nf1 f3
0-1

[Event "Madrid ch 2001-2002 Final"]
[Site "Madrid ESP"]
[Date "2002.04.15"]
[Round "1.4"]
[White "Paredes Sanchez, Juan"]
[Black "Solaesa Navalpotro, Luis Julio"]
[Result "1-0"]
[WhiteElo "2052"]
[BlackElo "2176"]
[PlyCount "51"]
[EventDate "2002.04.15"]
[EventType "tourn"]
[EventRounds "11"]
[EventCountry "ESP"]
[Source "lmi"]
[SourceDate "2002.04.15"]

1. e4 c5 2. Nf3 Nf6 3. Nc3 d5 4. e5 Nfd7 5. d4 e6 6. Be3 Nc6 7. dxc5 Ncxe5 8.
Nxe5 Nxe5 9. Qh5 Nd7 10. Qg4 h5 11. Qg3 h4 12. Qg4 Nxc5 13. Bxc5 Bxc5 14. Qxg7
Rf8 15. O-O-O Bxf2 16. Bb5+ Ke7 17. Rhf1 Qb6 18. Kb1 Bd7 19. Rxd5 Bxb5 20. Rxb5
Bd4 21. Qg5+ f6 22. Qf4 Qd8 23. Rxb7+ Ke8 24. Qe4 Qd6 25. Nb5 Qe5 26. Qc6+ 1-0

[Event "Madrid ch 2001-2002 Final"]
[Site "Madrid ESP"]
[Date "2002.04.15"]
[Round "1.5"]
[White "Morales, John Alexander"]
[Black "Lopez de Turiso, Jose Angel"]
[Result "0-1"]
[WhiteElo "2310"]
[BlackElo "2115"]
[PlyCount "46"]
[EventDate "2002.04.15"]
[EventType "tourn"]
[EventRounds "11"]
[EventCountry "ESP"]
[Source "lmi"]
[SourceDate "2002.04.15"]

1. e4 e5 2. Nf3 Nc6 3. Bb5 a6 4. Ba4 f5 5. d4 exd4 6. e5 Bc5 7. O-O Nge7 8. c3
dxc3 9. Nxc3 d5 10. Bb3 Be6 11. Ng5 Bg8 12. e6 Nd4 13. Qh5+ g6 14. Qh6 Nxe6 15.
Re1 Qd7 16. Be3 Bxe3 17. Rxe3 Nxg5 18. Qxg5 d4 19. Ba4 c6 20. Re5 dxc3 21. Rd1
Bd5 22. Rdxd5 Qc7 23. Rd1 Qxe5 0-1

[Event "Madrid ch 2001-2002 Final"]
[Site "Madrid ESP"]
[Date "2002.04.15"]
[Round "1.6"]
[White "Moreno Ruiz, Javier"]
[Black "Estrada Martinez, Cesar"]
[Result "1/2-1/2"]
[WhiteElo "2415"]
[BlackElo "2186"]
[PlyCount "53"]
[EventDate "2002.04.15"]
[EventType "tourn"]
[EventRounds "11"]
[EventCountry "ESP"]
[Source "lmi"]
[SourceDate "2002.04.15"]

1. d4 d5 2. c4 c6 3. e3 Nf6 4. Nc3 e6 5. Nf3 Nbd7 6. Bd3 Bd6 7. e4 dxe4 8. Nxe4
Nxe4 9. Bxe4 Nf6 10. Bc2 Bb4+ 11. Bd2 Qa5 12. O-O Bxd2 13. Nxd2 O-O 14. Re1 Rd8
15. Qe2 Qh5 16. Nf3 b6 17. Qe3 c5 18. dxc5 bxc5 19. Qf4 Qg4 20. Qxg4 Nxg4 21.
Be4 Rb8 22. Rad1 Bd7 23. b3 Be8 24. Kf1 Nf6 25. Bc2 Kf8 26. Rxd8 Rxd8 27. Rd1
1/2-1/2

[Event "Madrid ch 2001-2002 Final"]
[Site "Madrid ESP"]
[Date "2002.04.16"]
[Round "2.1"]
[White "Lopez Melgar, Enrique"]
[Black "Paredes Sanchez, Juan"]
[Result "0-1"]
[WhiteElo "2193"]
[BlackElo "2052"]
[PlyCount "71"]
[EventDate "2002.04.15"]
[EventType "tourn"]
[EventRounds "11"]
[EventCountry "ESP"]
[Source "lmi"]
[SourceDate "2002.04.15"]

1. e4 c5 2. d4 cxd4 3. c3 dxc3 4. Nxc3 Nc6 5. Nf3 d6 6. Bc4 a6 7. O-O Nf6 8. e5
dxe5 9. Qxd8+ Nxd8 10. Nxe5 e6 11. Rd1 Nd7 12. Nf3 Be7 13. Bf4 O-O 14. Rd2 b5
15. Bb3 Nc6 16. Ne4 Na5 17. Bd1 Nb6 18. b3 Nd5 19. Be5 Bb7 20. Nd4 Bb4 21. Rd3
Rac8 22. Rg3 g6 23. Bf3 Nc6 24. Nxc6 Bxc6 25. Rc1 Ba8 26. Rd1 f6 27. Ba1 Be7
28. Re1 e5 29. h4 f5 30. Ng5 e4 31. Bd1 Bd6 32. Rh3 Rc1 33. Bd4 Bb4 34. Rf1 Nf4
35. Rg3 Rd8 36. Be3 0-1

[Event "Madrid ch 2001-2002 Final"]
[Site "Madrid ESP"]
[Date "2002.04.16"]
[Round "2.2"]
[White "Rodriguez Cordon, Luis Jose"]
[Black "Estrada Martinez, Cesar"]
[Result "1-0"]
[WhiteElo "2165"]
[BlackElo "2186"]
[PlyCount "105"]
[EventDate "2002.04.15"]
[EventType "tourn"]
[EventRounds "11"]
[EventCountry "ESP"]
[Source "lmi"]
[SourceDate "2002.04.15"]

1. d4 Nf6 2. c4 c5 3. d5 b5 4. cxb5 a6 5. b6 Qxb6 6. Nc3 g6 7. e4 d6 8. Nf3 Bg7
9. Nd2 O-O 10. a4 a5 11. Bb5 Ba6 12. Nc4 Qd8 13. O-O Ne8 14. Bd2 Nd7 15. Qe2
Bc8 16. Nd1 Ne5 17. Nde3 e6 18. Nxe5 dxe5 19. Rfc1 Nd6 20. Nc4 exd5 21. exd5
Nf5 22. Ne3 Nxe3 23. Bxe3 Qxd5 24. Bxc5 Bb7 25. f3 Rfc8 26. Bb6 e4 27. fxe4
Bd4+ 28. Kh1 Qe5 29. Bxd4 Qxd4 30. e5 Qf4 31. Re1 Bd5 32. Rad1 Be6 33. Bd7 Bxd7
34. Rxd7 Re8 35. Qb5 Rac8 36. Rc7 Ra8 37. h3 Qb4 38. Qxb4 axb4 39. b3 Ra5 40.
Rb7 Raxe5 41. Rxe5 Rxe5 42. Rxb4 Re2 43. Rb7 Rb2 44. a5 Ra2 45. b4 Kg7 46. Rb6
Kh6 47. a6 f5 48. b5 Kg5 49. Rc6 f4 50. Rc3 Ra5 51. Rb3 f3 52. gxf3 Kf4 53. b6
1-0

[Event "Madrid ch 2001-2002 Final"]
[Site "Madrid ESP"]
[Date "2002.04.16"]
[Round "2.3"]
[White "Lopez de Turiso, Jose Angel"]
[Black "Moreno Ruiz, Javier"]
[Result "0-1"]
[WhiteElo "2115"]
[BlackElo "2415"]
[PlyCount "92"]
[EventDate "2002.04.15"]
[EventType "tourn"]
[EventRounds "11"]
[EventCountry "ESP"]
[Source "lmi"]
[SourceDate "2002.04.15"]

1. d4 Nf6 2. c4 g6 3. Nc3 Bg7 4. e4 d6 5. Be2 O-O 6. Nf3 Na6 7. h3 e5 8. dxe5
dxe5 9. Qxd8 Rxd8 10. Be3 Re8 11. O-O-O c6 12. Rd2 Bf8 13. Rhd1 Bb4 14. Rd8 Be6
15. Rxa8 Rxa8 16. Nxe5 Bxc3 17. bxc3 Nxe4 18. Kc2 Re8 19. g4 f6 20. Nf3 Bf7 21.
Bf1 Nac5 22. Nd2 Be6 23. Nxe4 Nxe4 24. Bd3 Ng5 25. Bf1 Nf3 26. Kb2 a6 27. c5
Kf7 28. Be2 Ng5 29. Bf1 Bd5 30. Rd4 Nf3 31. Rb4 Re7 32. Bf4 Ng5 33. Bd6 Rd7 34.
a3 Ne4 35. c4 Be6 36. f3 a5 37. Ra4 Nxd6 38. cxd6 Rxd6 39. Rxa5 Rd1 40. Ra7
Rxf1 41. Rxb7+ Kg8 42. Rc7 Bxc4 43. Rxc6 Bd5 44. Rxf6 Rxf3 45. Rd6 Bf7 46. a4
Rb3+ 0-1

[Event "Madrid ch 2001-2002 Final"]
[Site "Madrid ESP"]
[Date "2002.04.16"]
[Round "2.4"]
[White "Solaesa Navalpotro, Luis Julio"]
[Black "Morales, John Alexander"]
[Result "1/2-1/2"]
[WhiteElo "2176"]
[BlackElo "2310"]
[PlyCount "51"]
[EventDate "2002.04.15"]
[EventType "tourn"]
[EventRounds "11"]
[EventCountry "ESP"]
[Source "lmi"]
[SourceDate "2002.04.15"]

1. d4 Nf6 2. Bg5 c5 3. Nc3 cxd4 4. Qxd4 Nc6 5. Qh4 b5 6. e4 b4 7. Nd5 Qa5 8.
O-O-O Bb7 9. Kb1 b3 10. cxb3 Nxd5 11. exd5 Nb4 12. a3 Nxd5 13. Nf3 e6 14. Bc4
f6 15. Bc1 Be7 16. Rhe1 O-O 17. b4 Qd8 18. Nd4 f5 19. Qh5 Rc8 20. Qe2 Kh8 21.
g3 Qb6 22. Nb3 Bf6 23. Nc5 Rxc5 24. bxc5 Qxc5 25. Bxd5 Bxd5 26. Be3 1/2-1/2

[Event "Madrid ch 2001-2002 Final"]
[Site "Madrid ESP"]
[Date "2002.04.16"]
[Round "2.5"]
[White "Roa Alonso, Santiago"]
[Black "Cortes Jurado, Rafael"]
[Result "1-0"]
[WhiteElo "2415"]
[BlackElo "2142"]
[PlyCount "61"]
[EventDate "2002.04.15"]
[EventType "tourn"]
[EventRounds "11"]
[EventCountry "ESP"]
[Source "lmi"]
[SourceDate "2002.04.15"]

1. e4 c5 2. c3 Nf6 3. e5 Nd5 4. Nf3 Nc6 5. Bc4 Nb6 6. Bb3 d6 7. exd6 Qxd6 8.
O-O Be6 9. d4 cxd4 10. Na3 dxc3 11. Nb5 Qxd1 12. Rxd1 Rc8 13. Bxe6 fxe6 14.
Nxc3 g6 15. Ng5 Nd8 16. Be3 Nc4 17. Bd4 e5 18. Bxa7 Nxb2 19. Rdb1 Rxc3 20. Rxb2
Bh6 21. Ne4 Rc4 22. Re1 O-O 23. g3 Nc6 24. Rxb7 Ra4 25. Bc5 Rxa2 26. Kg2 Rc2
27. h4 Nd4 28. Bxe7 Rf7 29. Ra1 Be3 30. Ra8+ Kg7 31. Bf8+ 1-0

[Event "Madrid ch 2001-2002 Final"]
[Site "Madrid ESP"]
[Date "2002.04.16"]
[Round "2.6"]
[White "Ballesteros Gonzalez, David"]
[Black "Barez Menendez, Hector"]
[Result "1/2-1/2"]
[WhiteElo "2277"]
[BlackElo "2198"]
[PlyCount "78"]
[EventDate "2002.04.15"]
[EventType "tourn"]
[EventRounds "11"]
[EventCountry "ESP"]
[Source "lmi"]
[SourceDate "2002.04.15"]

1. e4 e5 2. Nf3 Nf6 3. Nc3 Nc6 4. Bc4 Nxe4 5. O-O Nxc3 6. dxc3 Be7 7. Qd5 O-O
8. Nxe5 Nxe5 9. Qxe5 d6 10. Qh5 g6 11. Qh6 Bf6 12. Be3 Bg7 13. Qf4 Be5 14. Qg5
Qxg5 15. Bxg5 Bf5 16. Bd3 Bxd3 17. cxd3 Bg7 18. a4 Rfe8 19. Be3 d5 20. a5 a6
21. Ra4 Bf8 22. d4 Bd6 23. b3 f5 24. g3 Kg7 25. c4 c6 26. Kg2 h6 27. h4 Re4 28.
cxd5 cxd5 29. Rc1 Rf8 30. Bf4 Bxf4 31. gxf4 Rxf4 32. Rc7+ Kf6 33. Rxb7 Rxh4 34.
Rb6+ Kg5 35. Rxa6 Re8 36. Rc6 Re1 37. Rc3 Rhh1 38. Re3 Rb1 39. Rg3+ Kf4 1/2-1/2

[Event "Madrid ch 2001-2002 Final"]
[Site "Madrid ESP"]
[Date "2002.04.17"]
[Round "3.1"]
[White "Barez Menendez, Hector"]
[Black "Rodriguez Cordon, Luis Jose"]
[Result "0-1"]
[WhiteElo "2198"]
[BlackElo "2165"]
[PlyCount "131"]
[EventDate "2002.04.15"]
[EventType "tourn"]
[EventRounds "11"]
[EventCountry "ESP"]
[Source "lmi"]
[SourceDate "2002.04.15"]

1. Nf3 c5 2. c4 g6 3. d4 cxd4 4. Nxd4 Bg7 5. e4 Nc6 6. Be3 Nf6 7. Nc3 Ng4 8.
Qxg4 Nxd4 9. Qd1 Ne6 10. Rc1 Qa5 11. Be2 b6 12. O-O Bb7 13. f3 g5 14. Qd2 h5
15. Rfd1 d6 16. c5 bxc5 17. Bb5+ Kf8 18. Bc4 g4 19. fxg4 hxg4 20. Qf2 g3 21.
Qf5 Nd8 22. Rf1 Bf6 23. Nb5 Qb6 24. b4 Rxh2 25. bxc5 dxc5 26. Bf4 Rh4 27. Bxg3
Bxe4 28. Qf2 Rg4 29. Qe2 Rxg3 30. Qxe4 Rb8 31. Rcd1 Rg7 32. Nd6 Bd4+ 33. Rxd4
cxd4 34. Nf5 d3+ 35. Rf2 d2 36. Qxe7+ Kg8 37. Qe8+ Kh7 38. Qe2 d1=Q+ 39. Qxd1
Qb1 40. Qxb1 Rxb1+ 41. Kh2 Rg5 42. Nd6 Rb4 43. Bb3 Kg7 44. Ne8+ Kf8 45. Nf6 Rg7
46. Rd2 Ne6 47. g3 Rd4 48. Rf2 Ke7 49. Nd5+ Kd8 50. Ne3 Ng5 51. Nf5 Rh7+ 52.
Kg2 Rd3 53. Bc2 Rd7 54. Ba4 Rd5 55. Bb3 Re5 56. Nd6 Ke7 57. Nf5+ Kf8 58. Nh4
Re1 59. Bc2 Rh6 60. Bb3 Rc6 61. Rd2 Rcc1 62. Nf3 Nxf3 63. Kxf3 Rc3+ 64. Kf2 Re7
65. g4 Kg7 66. Rd4 0-1

[Event "Madrid ch 2001-2002 Final"]
[Site "Madrid ESP"]
[Date "2002.04.17"]
[Round "3.2"]
[White "Cortes Jurado, Rafael"]
[Black "Ballesteros Gonzalez, David"]
[Result "1-0"]
[WhiteElo "2142"]
[BlackElo "2277"]
[PlyCount "89"]
[EventDate "2002.04.15"]
[EventType "tourn"]
[EventRounds "11"]
[EventCountry "ESP"]
[Source "lmi"]
[SourceDate "2002.04.15"]

1. e4 g6 2. d4 c6 3. Nc3 Bg7 4. f4 d5 5. e5 h5 6. Nf3 Bf5 7. Be3 e6 8. Ne2 h4
9. c3 Nd7 10. Qb3 Qb6 11. h3 Bf8 12. Bf2 Be7 13. Neg1 a5 14. Ng5 Bxg5 15. fxg5
Be4 16. Nf3 Bxf3 17. gxf3 Ne7 18. Bd3 a4 19. Qa3 Nf5 20. Rg1 Qc7 21. Rg4 Qb6
22. f4 O-O-O 23. O-O-O Qa5 24. b4 Qa7 25. Rg2 Nb6 26. Bg1 Qa8 27. Rb2 Kc7 28.
b5 Qa5 29. Qc5 Qa7 30. bxc6 bxc6 31. Bb5 Qb7 32. Bxc6 Qxc6 33. Rxb6 Qxc5 34.
dxc5 Rb8 35. Kc2 Rxb6 36. cxb6+ Kb7 37. Rb1 Rc8 38. Kd3 Rc4 39. Rb5 Ne7 40. Rc5
Rxc5 41. Bxc5 Nc8 42. c4 Nxb6 43. Bxb6 Kxb6 44. cxd5 exd5 45. f5 1-0

[Event "Madrid ch 2001-2002 Final"]
[Site "Madrid ESP"]
[Date "2002.04.17"]
[Round "3.3"]
[White "Paredes Sanchez, Juan"]
[Black "Roa Alonso, Santiago"]
[Result "1-0"]
[WhiteElo "2052"]
[BlackElo "2415"]
[PlyCount "63"]
[EventDate "2002.04.15"]
[EventType "tourn"]
[EventRounds "11"]
[EventCountry "ESP"]
[Source "lmi"]
[SourceDate "2002.04.15"]

1. e4 d6 2. d4 Nf6 3. Nc3 c6 4. f3 Nbd7 5. Be3 e5 6. Qd2 Be7 7. g4 O-O 8. Nge2
b5 9. Ng3 exd4 10. Bxd4 b4 11. Nd1 c5 12. Bf2 d5 13. g5 Ne8 14. Qxd5 Nc7 15.
Qd2 Ne5 16. Qxd8 Rxd8 17. Be2 Bxg5 18. Be3 Bxe3 19. Nxe3 Ne6 20. Nd5 Bb7 21.
Nf5 Bxd5 22. Ne7+ Kf8 23. Nxd5 Nd4 24. Kf2 Nxc2 25. Rac1 Nd4 26. Rxc5 Rac8 27.
Rhc1 Rxc5 28. Rxc5 Ndxf3 29. Nxb4 Nd7 30. Rc7 Ng5 31. Nc6 Nxe4+ 32. Kg2 1-0

[Event "Madrid ch 2001-2002 Final"]
[Site "Madrid ESP"]
[Date "1990.04.17"]
[Round "3.4"]
[White "Morales, John Alexander"]
[Black "Lopez Melgar, Enrique"]
[Result "1-0"]
[WhiteElo "2310"]
[BlackElo "2193"]
[PlyCount "89"]
[EventDate "2002.04.15"]
[EventType "tourn"]
[EventRounds "11"]
[EventCountry "ESP"]
[Source "lmi"]
[SourceDate "2002.04.15"]

1. e4 c5 2. Nf3 Nc6 3. Bb5 g6 4. Bxc6 dxc6 5. d3 Bg7 6. h3 e5 7. O-O Qc7 8. Be3
b6 9. Nbd2 Nf6 10. a3 O-O 11. b4 cxb4 12. axb4 Rd8 13. Qc1 Nd7 14. Nc4 c5 15.
bxc5 Nxc5 16. Qa3 Nd7 17. Qb3 Bb7 18. Ng5 Rf8 19. Ra2 h6 20. Nf3 Kh7 21. Rfa1
Bc6 22. Qb4 f6 23. Qe7 Rfe8 24. Qd6 Qb7 25. Qb4 Bf8 26. Qc3 Rec8 27. Nh2 Qc7
28. Qd2 a5 29. f4 Bg7 30. Qf2 Ra6 31. fxe5 fxe5 32. Qh4 Qd8 33. Qf2 Qc7 34. Ng4
Rf8 35. Qd2 h5 36. Nh2 Nf6 37. Nf3 Re8 38. Qf2 Nd7 39. Ng5+ Kh8 40. Qf7 Rc8 41.
Qxg6 Nf8 42. Qxh5+ Kg8 43. Rf1 b5 44. Rf7 Qd8 45. Rxf8+ 1-0

[Event "Madrid ch 2001-2002 Final"]
[Site "Madrid ESP"]
[Date "2002.04.17"]
[Round "3.6"]
[White "Estrada Martinez, Cesar"]
[Black "Lopez de Turiso, Jose Angel"]
[Result "1/2-1/2"]
[WhiteElo "2186"]
[BlackElo "2115"]
[PlyCount "124"]
[EventDate "2002.04.15"]
[EventType "tourn"]
[EventRounds "11"]
[EventCountry "ESP"]
[Source "lmi"]
[SourceDate "2002.04.15"]

1. c4 f5 2. Nf3 Nf6 3. g3 d6 4. d4 g6 5. Bg2 Bg7 6. Nc3 O-O 7. O-O Nc6 8. d5
Ne5 9. Qb3 Nxf3+ 10. Bxf3 Nd7 11. Bg2 Nc5 12. Qc2 a5 13. Be3 e5 14. dxe6 Nxe6
15. Nd5 Bd7 16. Rad1 Qe8 17. Qd2 Rf7 18. Rfe1 Bc6 19. Bh6 Be5 20. e4 fxe4 21.
Rxe4 Nc5 22. Re2 Qd7 23. Be3 Ne6 24. Rde1 Bxd5 25. Bxd5 c6 26. Bg2 Qc7 27. Bh3
Ng7 28. Bd4 Bxd4 29. Qxd4 Rd8 30. Qh4 Qb6 31. Kh1 Rdf8 32. f4 Nf5 33. Bxf5 Rxf5
34. Re7 R5f7 35. Rxf7 Rxf7 36. Qg5 Qd4 37. Qd8+ Rf8 38. Qxa5 Qxb2 39. c5 dxc5
40. Qxc5 Qd2 41. Qc4+ Qd5+ 42. Qxd5+ cxd5 43. Kg2 Ra8 44. Re2 Kf7 45. Rb2 Ra7
46. Kf3 Ke6 47. Rb6+ Kd7 48. Ke3 Kc7 49. Rf6 Rxa2 50. Rf7+ Kd6 51. Rxh7 b5 52.
Rg7 Kc5 53. Rxg6 Rxh2 54. f5 d4+ 55. Kd3 Rf2 56. g4 b4 57. Rg8 b3 58. Rc8+ Kb4
59. Rb8+ Ka3 60. Kxd4 Rf4+ 61. Kc3 Rf3+ 62. Kd2 Rf4 1/2-1/2

[Event "Madrid ch 2001-2002 Final"]
[Site "Madrid ESP"]
[Date "2002.04.18"]
[Round "4.1"]
[White "Rodriguez Cordon, Luis Jose"]
[Black "Lopez de Turiso, Jose Angel"]
[Result "1-0"]
[WhiteElo "2165"]
[BlackElo "2115"]
[PlyCount "41"]
[EventDate "2002.04.15"]
[EventType "tourn"]
[EventRounds "11"]
[EventCountry "ESP"]
[Source "lmi"]
[SourceDate "2002.04.15"]

1. d4 d5 2. c4 c6 3. Nf3 Nf6 4. cxd5 cxd5 5. Nc3 Nc6 6. Bf4 a6 7. e3 Bg4 8. Be2
e6 9. h3 Bxf3 10. Bxf3 Bd6 11. Bxd6 Qxd6 12. O-O O-O 13. Na4 b5 14. Nc5 Nd7 15.
Rc1 Rfc8 16. Qd2 Nb6 17. b3 Ra7 18. Be2 Rca8 19. Rc2 Rc8 20. Rfc1 h6 21. Nxa6
1-0

[Event "Madrid ch 2001-2002 Final"]
[Site "Madrid ESP"]
[Date "2002.04.18"]
[Round "4.2"]
[White "Solaesa Navalpotro, Luis Julio"]
[Black "Estrada Martinez, Cesar"]
[Result "1-0"]
[WhiteElo "2176"]
[BlackElo "2186"]
[PlyCount "76"]
[EventDate "2002.04.15"]
[EventType "tourn"]
[EventRounds "11"]
[EventCountry "ESP"]
[Source "lmi"]
[SourceDate "2002.04.15"]

1. d4 c5 2. d5 g6 3. e4 Bg7 4. Nc3 d6 5. Bb5+ Bd7 6. a4 Nf6 7. h3 O-O 8. Nf3 e5
9. Nd2 Bc8 10. Be2 Na6 11. Nc4 Nc7 12. O-O Re8 13. Qd3 b6 14. f4 Ba6 15. Qf3
Bxc4 16. Bxc4 Qe7 17. fxe5 Qxe5 18. Bd3 g5 19. Kh1 Re7 20. Bd2 c4 21. Bxc4 Nxe4
22. Nxe4 Qxe4 23. Bxg5 Qxf3 24. Rxf3 Re4 25. Bd3 Rb4 26. Raf1 h6 27. Be7 Nxd5
28. Bxd6 Rxa4 29. b3 Rd4 30. Rxf7 Ne3 31. Rxg7+ Kxg7 32. Be5+ Kg8 33. Bxd4 Nxf1
34. Bxf1 Rd8 35. Be3 Kg7 36. Bd3 Re8 37. Bd2 Re7 38. Kg1 a5 1-0

[Event "Madrid ch 2001-2002 Final"]
[Site "Madrid ESP"]
[Date "2002.04.18"]
[Round "4.3"]
[White "Lopez Melgar, Enrique"]
[Black "Moreno Ruiz, Javier"]
[Result "0-1"]
[WhiteElo "2193"]
[BlackElo "2415"]
[PlyCount "36"]
[EventDate "2002.04.15"]
[EventType "tourn"]
[EventRounds "11"]
[EventCountry "ESP"]
[Source "lmi"]
[SourceDate "2002.04.15"]

1. e4 c5 2. d4 cxd4 3. c3 Nf6 4. e5 Nd5 5. Qxd4 e6 6. Nf3 Nc6 7. Qe4 f5 8. exf6
Nxf6 9. Qh4 d5 10. Bd3 Bd6 11. Bg6+ Kd7 12. Bc2 e5 13. O-O Kc7 14. b4 Bg4 15.
Ng5 Qe7 16. h3 Bd7 17. Re1 h6 18. Nf3 g5 0-1

[Event "Madrid ch 2001-2002 Final"]
[Site "Madrid ESP"]
[Date "2002.04.18"]
[Round "4.5"]
[White "Ballesteros Gonzalez, David"]
[Black "Paredes Sanchez, Juan"]
[Result "1/2-1/2"]
[WhiteElo "2277"]
[BlackElo "2052"]
[PlyCount "114"]
[EventDate "2002.04.15"]
[EventType "tourn"]
[EventRounds "11"]
[EventCountry "ESP"]
[Source "lmi"]
[SourceDate "2002.04.15"]

1. d4 Nf6 2. Bg5 e6 3. e4 h6 4. Bxf6 Qxf6 5. e5 Qe7 6. c3 d6 7. g3 Nc6 8. f4 g5
9. exd6 Qxd6 10. fxg5 hxg5 11. Nd2 Bd7 12. Ne4 Qe7 13. Bg2 O-O-O 14. Qa4 Nb8
15. Qxa7 Bc6 16. b4 f5 17. a4 Bxe4 18. Bxe4 fxe4 19. a5 Qd7 20. Ne2 Qc6 21. O-O
Qa6 22. Qxa6 bxa6 23. Rae1 Be7 24. Nc1 Rdf8 25. Rxf8+ Rxf8 26. Rxe4 Kd7 27. Nd3
Nc6 28. Kg2 Bd6 29. Rg4 Rf5 30. h4 gxh4 31. gxh4 Ne7 32. Rg7 Rf6 33. h5 Rh6 34.
c4 c6 35. c5 Bc7 36. Rg5 Nf5 37. Ne5+ Bxe5 38. dxe5 Rh7 39. Kf3 Nd4+ 40. Kg4
Nc2 41. Rg8 Ke7 42. b5 Kf7 43. Ra8 cxb5 44. Ra7+ Kg8 45. Ra8+ Kf7 46. Rxa6 Rg7+
47. Kf4 Kg8 48. Rxe6 Ra7 49. a6 Nb4 50. Kg5 Nxa6 51. c6 Rc7 52. Rd6 b4 53. e6
b3 54. Rd8+ Kh7 55. Rd7+ Kg8 56. Kg6 Rc8 57. Rd2 Nc5 1/2-1/2

[Event "Madrid ch 2001-2002 Final"]
[Site "Madrid ESP"]
[Date "2002.04.18"]
[Round "4.6"]
[White "Barez Menendez, Hector"]
[Black "Cortes Jurado, Rafael"]
[Result "1-0"]
[WhiteElo "2198"]
[BlackElo "2142"]
[PlyCount "85"]
[EventDate "2002.04.15"]
[EventType "tourn"]
[EventRounds "11"]
[EventCountry "ESP"]
[Source "lmi"]
[SourceDate "2002.04.15"]

1. Nf3 Nf6 2. c4 e6 3. g3 d5 4. b3 b6 5. Bg2 Bb7 6. O-O Be7 7. Bb2 O-O 8. cxd5
exd5 9. d4 Nbd7 10. Nc3 c5 11. Rc1 Rc8 12. dxc5 bxc5 13. Nh4 Ba8 14. Nf5 d4 15.
Nb5 Bxg2 16. Kxg2 g6 17. Nbxd4 gxf5 18. Nxf5 Nb6 19. Qxd8 Bxd8 20. Rfd1 Re8 21.
Nd6 Be7 22. Nxc8 Rxc8 23. Rd3 Nfd5 24. Rcd1 Nb4 25. Re3 N6d5 26. Re4 Bf6 27.
Bxf6 Nxf6 28. Rc4 Nxa2 29. Ra1 Nb4 30. Rxa7 Nfd5 31. Ra5 Re8 32. Rcxc5 Nf6 33.
e3 Rd8 34. Rg5+ Kf8 35. Rgb5 Nc2 36. Rf5 Kg7 37. Ra6 Ne4 38. Rf4 Nd2 39. Ra7
Ne1+ 40. Kh3 Nef3 41. Raxf7+ Kg6 42. Rxf3 Ne4 43. Rf8 1-0

[Event "Madrid ch 2001-2002 Final"]
[Site "Madrid ESP"]
[Date "2002.04.19"]
[Round "5.2"]
[White "Paredes Sanchez, Juan"]
[Black "Barez Menendez, Hector"]
[Result "1-0"]
[WhiteElo "2052"]
[BlackElo "2198"]
[PlyCount "75"]
[EventDate "2002.04.15"]
[EventType "tourn"]
[EventRounds "11"]
[EventCountry "ESP"]
[Source "lmi"]
[SourceDate "2002.04.15"]

1. e4 e5 2. Nf3 Nf6 3. Nxe5 d6 4. Nc4 Nxe4 5. Nc3 Nxc3 6. dxc3 d5 7. Ne3 c6 8.
f4 Bc5 9. Qf3 O-O 10. Bd2 Nd7 11. O-O-O Nf6 12. Bd3 Re8 13. h3 Ne4 14. Rhe1 Qa5
15. a3 Bxa3 16. bxa3 Qxa3+ 17. Kb1 Nxc3+ 18. Bxc3 Qxc3 19. Nxd5 Qxe1 20. Rxe1
Rxe1+ 21. Kb2 cxd5 22. Qxd5 Be6 23. Qxb7 Rd8 24. Qc7 Rc8 25. Qxa7 f5 26. c4 Kf8
27. Qb6 Kf7 28. c5 Re3 29. Bc4 Re8 30. Bb5 Re7 31. c6 Rg3 32. c7 Rxg2+ 33. Kc3
Rg3+ 34. Kd4 Rg1 35. Qxe6+ Rxe6 36. Bc4 Rd1+ 37. Kc5 Rc1 38. c8=Q 1-0

[Event "Madrid ch 2001-2002 Final"]
[Site "Madrid ESP"]
[Date "2002.04.19"]
[Round "5.4"]
[White "Moreno Ruiz, Javier"]
[Black "Roa Alonso, Santiago"]
[Result "1-0"]
[WhiteElo "2415"]
[BlackElo "2415"]
[PlyCount "68"]
[EventDate "2002.04.15"]
[EventType "tourn"]
[EventRounds "11"]
[EventCountry "ESP"]
[Source "lmi"]
[SourceDate "2002.04.15"]

1. d4 d5 2. c4 e6 3. Nc3 Be7 4. cxd5 exd5 5. Bf4 c6 6. e3 Bf5 7. g4 Be6 8. h3
Bd6 9. Nge2 Ne7 10. Qb3 b6 11. O-O-O O-O 12. Bxd6 Qxd6 13. Nf4 Nd7 14. Kb1 a5
15. Rc1 Rfb8 16. Qc2 Nf8 17. Be2 a4 18. a3 Bd7 19. Rhd1 Qf6 20. Qd2 Ne6 21.
Nxe6 fxe6 22. f4 c5 23. e4 Nc6 24. Bb5 Nxd4 25. Bxd7 b5 26. exd5 b4 27. axb4 a3
28. b5 a2+ 29. Nxa2 Rxa2 30. Kxa2 Ra8+ 31. Kb1 Ra1+ 32. Kxa1 Nb3+ 33. Kb1 Nxd2+
34. Rxd2 Qxf4 1-0